Pays avec zéro médailles olympiques (été + hiver) - Statistiques

Statistiques générales
  • Ce quiz a été pris 511 fois
    364 depuis la dernière actualisation
  • Le résultat moyen est 29 sur 67
Statistiques - réponses
Hint Réponse % Correct
Europe ANDORRE
79%
Europe MONACO
71%
Europe SAINT MARIN
64%
Afrique LESOTHO
62%
Afrique ESWATINI
60%
Océanie NAURU
57%
Océanie TUVALU
57%
Afrique GUINEE
56%
Océanie VANUATU
56%
Océanie SAMOA
55%
Europe ALBANIE
54%
Amérique BELIZE
54%
Océanie KIRIBATI
54%
Afrique RWANDA
54%
Amérique ANTIGUA
53%
Océanie MARSHALL
53%
Océanie MICRONESIE
53%
Amérique SAINT VINCENT ET LES GRENADINES
53%
Afrique GUINEE BISSAU
50%
Afrique GUINEE EQUATORIALE
50%
Europe MALTE
50%
Océanie SALOMON
50%
Afrique SEYCHELLES
50%
Afrique CAPVERT
49%
Afrique COMORES
48%
Asie YEMEN
48%
Océanie PALAOS
47%
Amérique SAINTE LUCIE
47%
Afrique SAO TOME ET PRINCIPE
46%
Asie BRUNEI
45%
Amérique DOMINIQUE
45%
Afrique MALAWI
45%
Afrique SOUDANDUSUD
45%
Afrique ANGOLA
44%
Afrique BENIN
44%
Asie BHOUTAN
43%
Asie OMAN
43%
Amérique SAINT CHRISTOPHE ET NIEVES
43%
Asie NEPAL
41%
Amérique SALVADOR
41%
Afrique SOMALIE
40%
Afrique TCHAD
40%
Afrique GAMBIE
39%
Amérique HONDURAS
39%
Asie MALDIVES
39%
Afrique MALI
39%
Afrique SIERRA LEONE
39%
Asie TIMOR ORIENTAL
39%
Afrique CONGO
38%
Asie LAOS
38%
Afrique REPUBLIQUE DEMOCRATIQUE DU CONGO
38%
Afrique MADAGASCAR
37%
Amérique NICARAGUA
37%
Afrique LIBERIA
36%
Asie BANGLADESH
34%
Océanie PAPOUSIE-NOUVELLE-GUINEE
33%
Asie CAMBODGE
31%
Afrique MAURITANIE
31%
Asie BIRMANIE
30%
Asie TAIWAN
30%
Asie TURKMENISTAN
30%
Afrique BURKINA-FASO
29%
Afrique LIBYE
29%
Europe BOSNIE
26%
Amérique BOLIVIE
25%
Afrique CENTRAFRIQUE
25%
Amérique ARUBA
4%
Aucun quiz correspondant
Distribution des résultats
% des personnes avec chaque résultat
Percentile par nombre de réponses
Votre historique - résultats
Vous n’avez pas pris ce quiz depuis la dernière actualisation